00000000nam##2200000za#4500
0019.616584
003CaOODSP
00520211126112847
007ta
008150406|2003||||xxc|||||     f|0| 0 eng|d
022 |a1192-5434
040 |aCaOODSP|beng
043 |an-cn---
0861 |aFB3-2/103-32E
1102 |aBank of Canada.
24514|aThe Canadian Phillips curve and regime shifting / |cby Frédérick Demers.
260 |aOttawa - Ontario : |bBank of Canada |c2003.
300 |av, 25p. : |bfigs., references, tables ; |c28 cm.
4901 |aWorking paper|x1192-5434|v2003-32
5203 |aThis working paper is part of a series that examines a range of economic and financial issues of interest to bankers, economists and policymakers.
546 |a(Résumés en français.)
563 |aSoftcover
590 |a03-44|b2003-10-31
69007|aStatistics|2gcpds
69007|aEconomy|2gcpds
7201 |aDemers, Frédérick
7760#|tThe Canadian Phillips curve and regime shifting / |w(CaOODSP)9.580590
830#0|aWorking paper,|x1192-5434|v2003-32|w(CaOODSP)9.514622